000 00763nac a22002417a 4500
001 BR6600052
003 BR-BrBNA
005 20240105113306.0
008 230509b bl.|||m| |||| 00| 0 por d
040 _aBR-BrBNA
_bpor
_cBiblioteca Nacional de Agricultura
072 _aL05
090 _aL05 BR6600052
100 1 _aSantos, E.
110 1 _aServico de Informacao Agricola, Rio de Janeiro, GB (Brasil)
245 1 _aContribuicoes a zoologia agricola no Brasil
260 3 _aRio de Janeiro, GB (Brasil):
_c1966.
300 _a92 p.
490 _aSerie Clubes Agricolas - Servico de Informacao Agricola (Brazil)
_vno. 29
_x
650 _aCiencia animal
650 _aZoologia
909 _a202312
_bLúcia Elande
_c55
_dLúcia Elande
942 _2AGRIS
_n0
_cMS
999 _c262927
_d262927